00920nam a22002174c 4500003000900000008004100009020001800050040003100068041001900099080000800118100001600126245012500142250002200267264004600289300001700335336002700352337003300379338002800412520024000440521002200680AR-BaSMT230327t2023 agd|||frib|| 001 0 spa d a9789878982229 aBSGBbespañolcBSGBerda0 aspahespañol a8021 aPapeo, Nora1 aEscribir informes: bResúmenes, reseñas, informes de lecturas, ensayos, monografías, proyectos de investigación. aPrimera edición aBuenos Aires ; bDel Aula Taller, c2023. a32 páginas 2rdacontentatextobtxt 2rdamediaasin mediaciónbn 2rdacarrieravolumenbnc aÍNDICE ¿Qué es un escrito o texto académico? El resumen La reseña El informe de lectura El ensayo La monografía El proyecto de investigación Formato normas APA Cómo aplicar las normas APA en word Bibliografía aPúblico general